| 000 | 00509nam a2200217Ia 4500 | ||
|---|---|---|---|
| 003 | OSt | ||
| 005 | 20221007111535.0 | ||
| 006 | a|||||r|||| 00| 0 | ||
| 007 | ta | ||
| 008 | 221006b |||||||| |||| 00| 0 eng d | ||
| 024 | _a23,782 | ||
| 037 | _cTextual | ||
| 040 |
_aLCO _cLCO _beng |
||
| 041 |
_2eng _aeng |
||
| 100 |
_aChatterjee _9207996 |
||
| 245 | 0 | _aPrinciples of Foreign Exchange | |
| 260 | _c1980 | ||
| 650 | _aFOREIGN EXCHANGE | ||
| 942 | _cTEXL | ||
| 999 |
_c1193345 _d1193345 |
||